书目信息 |
| 题名: |
土地使用权评估
|
|
| 作者: | 韩立英 主编 | |
| 分册: | ||
| 出版信息: | 北京 中国人民大学出版社 2003 |
|
| 页数: | 362 | |
| 开本: | 23cm | |
| 丛书名: | 21世纪资产评估系列教材 | |
| 单 册: | ||
| 中图分类: | F301.24 | |
| 科图分类: | ||
| 主题词: | 农业经济学 | |
| 电子资源: | ||
| ISBN: | 7-300-04832-3 | |
| 000 | 00613nam0 2200205 450 | |
| 001 | 0753815641 | |
| 005 | 20070930145655.64 | |
| 010 | @a7-300-04832-3@d¥28.00 | |
| 100 | @a20070930d km y0chiy0120 ea | |
| 101 | 0 | @achi |
| 200 | 1 | @a土地使用权评估@Atu di shi yong quan ping gu@f韩立英主编@Fhan li ying zhu bian |
| 210 | @a北京@c中国人民大学出版社@d2003 | |
| 215 | @a362@d23cm | |
| 225 | 2 | @a21世纪资产评估系列教材 |
| 410 | 0 | @12001 @a21世纪资产评估系列教材 |
| 606 | 0 | @a农业经济学 |
| 690 | @aF301.24@v3 | |
| 701 | 0 | @a韩立英@Ahan li ying@4主编 |
| 801 | 0 | @aCN@bPFT@c20070930 |
| 905 | @a213230@dF301.24@eg12@f1 | |
| 土地使用权评估/韩立英主编.-北京:中国人民大学出版社,2003 |
| 362;23cm.-(21世纪资产评估系列教材) |
| ISBN 7-300-04832-3:¥28.00 |
| ● |
| 相关链接 |
|
|
|
|
正题名:土地使用权评估
索取号:F301.24/g12
 
预约/预借
| 序号 | 登录号 | 条形码 | 馆藏地/架位号 | 状态 | 备注 |
| 1 | 6503797 | 265037970 | 密集书库-海洋学院/ [索取号:F301.24/g12] | 在馆 |